000 01103nam a2200301 i 4500
003 EG-GICUC
005 20260428125445.0
008 260428s1969 -us |fr|||| 000 0 eng d
040 _aEG-GiCUC
_beng
_cEG-GiCUC
_dEG-GiCUC
_erda
041 0 _aeng
082 0 4 _221
_a343
_bMO . C
092 0 4 _221
099 _aLaw1 10 343 MO . C 1969
100 1 _a M. Cherif Bassiouni
_eAuthor.
245 1 4 _aCases And Materials On Criminal Law /
_cBy M. Cherif Bassiouni Associate Professor Of Law.
264 1 _achicago :
_bDepaul University,
_c1969
300 _a407 pages,
_c28 cm
336 _2rda content
_atext
337 _2rda media
_aComputer
338 _2rda carrier
_aOnline Resource
500 _aPrepared By The Author For The Exclusive Use Of The Students Of The College Of Law. No Permission To Reprint--limited Distribution. -- Depaul University 1969-1970--
504 _aIncludes bibliographical references
546 _aText in English
650 1 4 _aCriminal law
856 4 0 _uhttps://fll.law.cu.edu.eg/fulltext/bks/B10-11909.pdf
905 _a48
942 _2ddc
_cBK
_e21
_n0
999 _c73903
_d73903